Park's Textbook of Preventive and Social Medicine: (Record no. 37172)
[ view plain ]
| 000 -LEADER | |
|---|---|
| fixed length control field | 00467nam a22001817a 4500 |
| 005 - DATE AND TIME OF LATEST TRANSACTION | |
| control field | 20260505120011.0 |
| 008 - FIXED-LENGTH DATA ELEMENTS--GENERAL INFORMATION | |
| fixed length control field | 260505b |||||||| |||| 00| 0 eng d |
| 020 ## - INTERNATIONAL STANDARD BOOK NUMBER | |
| ISBN | 9789382219057 |
| 082 ## - DEWEY DECIMAL CLASSIFICATION NUMBER | |
| Classification number | 614.44 |
| Item number | PAR-P |
| 100 ## - MAIN ENTRY--AUTHOR | |
| Author Name | Park K. |
| 245 ## - TITLE STATEMENT | |
| Title | Park's Textbook of Preventive and Social Medicine: |
| 250 ## - EDITION STATEMENT | |
| Edition statement | 23th.ed |
| 260 ## - PUBLICATION, DISTRIBUTION, ETC. | |
| Place of Publication | India: |
| Name of publisher, distributor, etc. | Banarsidas: |
| Date of publication, distribution, etc. | 2015. |
| 300 ## - PHYSICAL DESCRIPTION | |
| Pages | 935p. |
| 500 ## - GENERAL NOTE | |
| General note | include index. |
| 650 ## - SUBJECT ADDED ENTRY--TOPICAL TERM | |
| Subject / Department | Pharmacy / Medicine |
| 952 ## - LOCATION AND ITEM INFORMATION (KOHA) | |
| -- | 0 |
| -- | 0 |
| 952 ## - LOCATION AND ITEM INFORMATION (KOHA) | |
| -- | 0 |
| -- | 0 |
| 952 ## - LOCATION AND ITEM INFORMATION (KOHA) | |
| -- | 0 |
| -- | 0 |
| 952 ## - LOCATION AND ITEM INFORMATION (KOHA) | |
| -- | 0 |
| -- | 0 |
| 952 ## - LOCATION AND ITEM INFORMATION (KOHA) | |
| -- | 0 |
| -- | 0 |
| Lost status | Damaged status | Collection code | Permanent Location | Current Location | Shelving Location | Date acquired | Full Call Number | Accession No./Barcode | Date last seen | Copy number | item type | Koha item type |
|---|---|---|---|---|---|---|---|---|---|---|---|---|
| Pharmacy | Superior Information Resource Center (SIRC) Superior University- Central Library | Superior Information Resource Center (SIRC) Superior University- Central Library | Medicine(D-L) | 05/05/2026 | 614.44 PAR-P 2015 | 29931 | 05/05/2026 | 1 | BOOK | BOOK | ||
| Pharmacy | Superior Information Resource Center (SIRC) Superior University- Central Library | Superior Information Resource Center (SIRC) Superior University- Central Library | Medicine(D-L) | 05/05/2026 | 614.44 PAR-P 2015 | 29933 | 05/05/2026 | 2 | BOOK | BOOK | ||
| Pharmacy | Superior Information Resource Center (SIRC) Superior University- Central Library | Superior Information Resource Center (SIRC) Superior University- Central Library | Medicine(D-L) | 05/05/2026 | 614.44 PAR-P 2015 | 29934 | 05/05/2026 | 3 | BOOK | BOOK | ||
| Pharmacy | Superior Information Resource Center (SIRC) Superior University- Central Library | Superior Information Resource Center (SIRC) Superior University- Central Library | Medicine(D-L) | 05/05/2026 | 614.44 PAR-P 2015 | 29935 | 05/05/2026 | 4 | BOOK | BOOK | ||
| Pharmacy | Superior Information Resource Center (SIRC) Superior University- Central Library | Superior Information Resource Center (SIRC) Superior University- Central Library | Medicine(D-L) | 05/05/2026 | 614.44 PAR-P 2015 | 29932 | 05/05/2026 | 5 | BOOK | BOOK |
